000 00332nam a2200133Ia 4500
008 220216s9999 xx 000 0 und d
100 _aGeorge C M
245 0 _aBright prospects for plantation industry
260 _bRubber Asia
_c1996
300 _a25-28
650 _aIndia
650 _aRubber Plantation industry
942 _cJS
999 _c54966
_d54966